000 00416nam a2200181Ia 4500
008 100917s9999 xx 000 0 und d
082 _b59933
100 _aकेतकर ग. वि.
245 _aमर्मभेद
260 _b---
_c1950
300 _a104
365 _b3
520 _a---
630 _aमर्मभेद
650 _a---
730 _aमर्मभेद
942 _cBOOK
999 _c665327
_d665324